Famous People Born in November Quiz Stats

 Plays Quiz Updated Apr 27, 2018

Challenge
Share
Tweet
Score 0/30 Timer 07:00
3 Plays Today
Day of birth Person % Correct
Leonardo DiCaprio
94.7%
Whoopi Goldberg
92.3%
Miley Cyrus
87.1%
Danny DeVito
83.8%
Bruce Lee
83.3%
Prince Charles
81.1%
Owen Wilson
80.4%
Jimi Hendrix
79%
Anne Hathaway
78.2%
Winston Churchill
76.3%
Robert Kennedy
76.2%
David Schwimmer
74.2%
Tina Turner
73.9%
Larry King
68.7%
Emma Stone
67.2%
Day of birth Person % Correct
Bill Nye
67%
Gordon Ramsay
64.9%
Sean Combs
63.2%
Roseanne Barr
58.2%
Art Garfunkel
55.3%
Scarlett Johansson
55.2%
Christina Applegate
52.1%
Lorde
49.3%
RuPaul
46.3%
Björk
46.1%
Matthew McConaughey
45.8%
Rachel McAdams
41.2%
Walter Cronkite
36.2%
Lisa Bonet
29.9%
Anthony Kiedis
24.5%

You're not logged in!

Compare scores with friends on all Sporcle quizzes.
OR
Log In

You Might Also Like...

Show Comments

Extras

Top Quizzes Today


Score Distribution

Your Account Isn't Verified!

In order to create a playlist on Sporcle, you need to verify the email address you used during registration. Go to your Sporcle Settings to finish the process.

Report this User

Report this user for behavior that violates our Community Guidelines.

Details: